000 00277 a2200121 4500
000 nam a22 7a 4500
005 20260224155432.0
020 _a9789369447404
100 _aRama Pandey
_91116566
245 _aSaptaparni
260 _bVani Prakashan
_c2025
942 _cTEXL
999 _c1680161
_d1680161